| 000 | 01176nam a2200313Ia 4500 | ||
|---|---|---|---|
| 008 | 130821s2008 xxuab gr eng | ||
| 020 | _a0 387 74841 5 | ||
| 020 | _a0 3877 4840 7 | ||
| 020 | _a978 0 387 74840 5 | ||
| 020 | _a978 0 387 74841 2 | ||
| 040 |
_aCo-BoUCM _bspa |
||
| 041 | 0 | 0 | _aeng |
| 060 | 0 | 0 | _aQU 145 |
| 245 | 0 | 0 |
_aNutrition and physical activity health information sources in EU member states, and activities in the Commission, WHO, and European networks _cNicole Wolfram ... [et al.]., editores |
| 260 |
_aNueva York (Estados Unidos) _bSpringer _c2008 |
||
| 300 |
_axvi, 582 páginas _bilustraciones, mapas |
||
| 504 | _aIncluye referencias bibliográficas e índice. | ||
| 650 |
_aEjercicio _zEuropa _913933 |
||
| 650 |
_aMedicina deportiva _919146 |
||
| 650 |
_aNutrición _920616 |
||
| 650 |
_aNutrición _zEuropa _920616 |
||
| 650 |
_aSalud _zEuropa _923914 |
||
| 700 | 1 |
_aFrazzica, Rosa Giuseppa _eed. _9169201 |
|
| 700 | 1 |
_aKirch, Wilhelm _eed. _9169202 |
|
| 700 | 1 |
_aRigby, Michael _eed. _9169203 |
|
| 700 | 1 |
_aSjöström, Michael _eed. _9169204 |
|
| 700 | 1 |
_aWolfram, Nicole _eed. _9169205 |
|
| 942 |
_cLIBRO _a15 _e1 _mN976 _2NLM _hQU 145 _n0 |
||
| 999 |
_c75533 _d75533 |
||